|
|
|
|
| LEADER |
00794nab a2200217 i 4500 |
| 001 |
acta51199 |
| 005 |
20250429121737.0 |
| 008 |
180419s1936 hu o 000 hun d |
| 040 |
|
|
|a SZTE Egyetemi Kiadványok Repozitórium
|b hun
|
| 041 |
|
|
|a hun
|
| 100 |
1 |
|
|a V. L.
|
| 245 |
1 |
0 |
|a Mohácsi csata
|h [elektronikus dokumentum] :
|b történelmi tanítás /
|c V. L.
|
| 260 |
|
|
|c 1936
|
| 300 |
|
|
|a 154-161
|
| 490 |
0 |
|
|a Gyakorlati pedagógia
|v 2 No. 3
|
| 650 |
|
4 |
|a Társadalomtudományok
|
| 650 |
|
4 |
|a Oktatástudomány
|
| 650 |
|
4 |
|a Bölcsészettudományok
|
| 650 |
|
4 |
|a Történettudomány és régészet
|
| 695 |
|
|
|a Történelem tanítása, Mohácsi csata, Magyarország története - 1526, Óravázlat
|
| 856 |
4 |
0 |
|u http://acta.bibl.u-szeged.hu/51199/1/gyakorlati_1936_003_154-161.pdf
|z Dokumentum-elérés
|